000 00316nam a22001457a 4500
008 231004b ||||| |||| 00| 0 eng d
020 _a067149659X
041 _aeng
080 _a521
082 _a521SUT
100 _a19
101 _aASTRO
245 _aTHE PARTICLE CONNECTION
_cSUTTON .CH
942 _2udc
_cBK
999 _c60421
_d60421